प्रतिभा पाटिल : (Record no. 21736)
[ view plain ]
| 000 -LEADER | |
|---|---|
| fixed length control field | 01601nam a22002897a 4500 |
| 005 - DATE AND TIME OF LATEST TRANSACTION | |
| control field | 20090120150056.0 |
| 008 - FIXED-LENGTH DATA ELEMENTS--GENERAL INFORMATION | |
| fixed length control field | 090120t xxu||||| |||| 00| 0bhin d |
| 010 ## - LCCN (DPL NO) | |
| LC control number | HIN-85926 |
| 020 ## - INTERNATIONAL STANDARD BOOK NUMBER | |
| International Standard Book Number | 8190183834 |
| Terms of availability | 200.00 |
| 035 ## - SYSTEM CONTROL NUMBER | |
| System control number | HN-58272 |
| 037 ## - SOURCE OF ACQUISITION | |
| Source of stock number/acquisition | DBAD / PUB |
| 040 ## - CATALOGING SOURCE | |
| Original cataloging agency | DPL |
| Language of cataloging | HN |
| 082 ## - DEWEY DECIMAL CLASSIFICATION NUMBER | |
| Classification number | 921 |
| 100 ## - MAIN ENTRY--PERSONAL NAME | |
| Personal name | निशांत सिंह |
| 245 ## - TITLE STATEMENT | |
| Title | प्रतिभा पाटिल : |
| Remainder of title | महिला सशक्तिकरण की प्रतीक / |
| Statement of responsibility, etc | निशांत सिंह |
| 246 ## - VARYING FORM OF TITLE | |
| Title proper/short title | Mahilaa sasaktikarana kii pratiika Pratibha Patil |
| Remainder of title | by Nishant Singh |
| 260 ## - PUBLICATION, DISTRIBUTION, ETC. (IMPRINT) | |
| Place of publication, distribution, etc | दिल्ली |
| Name of publisher, distributor, etc | जसवन्ती प्रकाशन |
| Date of publication, distribution, etc | 2008 |
| 270 ## - ADDRESS | |
| Address | 518/7-बी, पहली मंजिल, शॉप नं.-1 कड़कड़ी रोड , विश्वास नगर, शाहदरा |
| City | दिल्ली |
| Postal code | 110 032 |
| 300 ## - PHYSICAL DESCRIPTION | |
| Extent | 144पृ.: |
| Dimensions | 22सेमी (सजिल्द) |
| Other physical details | सचित्र |
| 600 ## - SUBJECT ADDED ENTRY--PERSONAL NAME | |
| Personal name | पाटिल, प्रतिभा |
| 600 ## - SUBJECT ADDED ENTRY--PERSONAL NAME | |
| Personal name | Patil, Pratibha |
| 650 ## - SUBJECT ADDED ENTRY--TOPICAL TERM | |
| Topical term or geographic name as entry element | राष्ट्रपति |
| Form subdivision | जीवनी |
| Geographic subdivision | भारत |
| 650 ## - SUBJECT ADDED ENTRY--TOPICAL TERM | |
| Topical term or geographic name as entry element | Presidents |
| Form subdivision | Biography |
| Geographic subdivision | India |
| 942 ## - ADDED ENTRY ELEMENTS (KOHA) | |
| Source of classification or shelving scheme | Dewey Decimal Classification |
| Item type | Hindi Books |
| Call number suffix | पाटिल |
| Classification part | 921 |
| Withdrawn status | Lost status | Source of classification or shelving scheme | Damaged status | Not for loan | Collection code | Home library | Current library | Shelving location | Date acquired | Source of acquisition | Cost, normal purchase price | Total Checkouts | Full call number | Barcode | Date last seen | Copy number | Cost, replacement price | Koha item type |
|---|---|---|---|---|---|---|---|---|---|---|---|---|---|---|---|---|---|---|
| Dewey Decimal Classification | Not For Loan | Non-fiction | D.B.Act.Division | D.B.Act.Division | General Stacks | 02/02/2009 | DBAD / PUB | 200.00 | 921 / पाटिल | HN-58272 | 20/01/2009 | 1 | 200.00 | Hindi Books | ||||
| Dewey Decimal Classification | Non-fiction | Janak Puri | Janak Puri | 16/09/2009 | DBAD / PUB | 200.00 | 12 | 921 पाटिल | B-358274 | 26/12/2015 | 1 | 200.00 | Hindi Books |
